Metastable Fluid Decay During Electric Explosion of Metallic Foils; Russian Physics Journal; Vol. 60, iss. 8

Détails bibliographiques
Parent link:Russian Physics Journal
Vol. 60, iss. 8.— 2017.— [P. 1400–1407]
Collectivité auteur: Национальный исследовательский Томский политехнический университет Инженерная школа неразрушающего контроля и безопасности Отделение контроля и диагностики
Autres auteurs: Oreshkin V. I. Vladimir Ivanovich, Zhigalin A. S. Aleksandr Sergeevich, Russkikh A. G. Aleksandr Gennadievich, Chaykovskiy S. A. Stanislav Anatoljevich, Baksht R. B. Rina Borisovna
Résumé:Title screen
Results of experimental investigations into overheated metastable fluid decay during electric explosion of metallic foils are presented. Experiments have been performed using an experimental complex consisting of three current generators, one of which provides explosion of foil and two others - X-pinch-based radiographs - are used for diagnostic purposes. The upper limit of the decay time of an overheated metastable metal is determined experimentally. For aluminum conductor with deposited energy of (5.3 ± 0.5) kJ/g, the metastable state decay time is ~110 ns; for copper foil with deposited energy of (2.4 ± 0.2) kJ/g, it is ~260 ns; and for nickel foil with deposited energy of (1.3 ± 0.3) kJ/g, it is ~350 ns.
Режим доступа: по договору с организацией-держателем ресурса
Langue:anglais
Publié: 2017
Sujets:
Accès en ligne:https://doi.org/10.1007/s11182-017-1228-y
Format: Électronique Chapitre de livre
KOHA link:https://koha.lib.tpu.ru/cgi-bin/koha/opac-detail.pl?biblionumber=657841

MARC

LEADER 00000naa0a2200000 4500
001 657841
005 20250123151645.0
035 |a (RuTPU)RU\TPU\network\24643 
035 |a RU\TPU\network\24500 
090 |a 657841 
100 |a 20180325d2017 k||y0engy50 ba 
101 0 |a eng 
135 |a drcn ---uucaa 
181 0 |a i  
182 0 |a b 
200 1 |a Metastable Fluid Decay During Electric Explosion of Metallic Foils  |f V. I. Oreshkin [et al.] 
203 |a Text  |c electronic 
300 |a Title screen 
320 |a [References: p. 1406-1407 (39 tit.)] 
330 |a Results of experimental investigations into overheated metastable fluid decay during electric explosion of metallic foils are presented. Experiments have been performed using an experimental complex consisting of three current generators, one of which provides explosion of foil and two others - X-pinch-based radiographs - are used for diagnostic purposes. The upper limit of the decay time of an overheated metastable metal is determined experimentally. For aluminum conductor with deposited energy of (5.3 ± 0.5) kJ/g, the metastable state decay time is ~110 ns; for copper foil with deposited energy of (2.4 ± 0.2) kJ/g, it is ~260 ns; and for nickel foil with deposited energy of (1.3 ± 0.3) kJ/g, it is ~350 ns. 
333 |a Режим доступа: по договору с организацией-держателем ресурса 
461 |t Russian Physics Journal 
463 |t Vol. 60, iss. 8  |v [P. 1400–1407]  |d 2017 
610 1 |a электронный ресурс 
610 1 |a труды учёных ТПУ 
610 1 |a экспериментальные исследования 
610 1 |a металлические пленки 
610 1 |a фольга 
610 1 |a ток 
610 1 |a алюминиевые проводники 
701 1 |a Oreshkin  |b V. I.  |c specialist in the field of non-destructive testing  |c Senior researcher of Tomsk Polytechnic University, Doctor of physical and mathematical sciences  |f 1960-  |g Vladimir Ivanovich  |3 (RuTPU)RU\TPU\pers\33779 
701 1 |a Zhigalin  |b A. S.  |g Aleksandr Sergeevich 
701 1 |a Russkikh  |b A. G.  |g Aleksandr Gennadievich 
701 1 |a Chaykovskiy  |b S. A.  |g Stanislav Anatoljevich 
701 1 |a Baksht  |b R. B.  |g Rina Borisovna 
712 0 2 |a Национальный исследовательский Томский политехнический университет  |b Инженерная школа неразрушающего контроля и безопасности  |b Отделение контроля и диагностики  |3 (RuTPU)RU\TPU\col\23584 
801 2 |a RU  |b 63413507  |c 20180325  |g RCR 
856 4 0 |u https://doi.org/10.1007/s11182-017-1228-y 
942 |c CF